Statistics for All Formula One Grand Prix Winners... Engines

Click here to take the quiz!

General Stats

  • This quiz has been taken 752 times
    (652 since last reset)
  • The average score is 10 of 18

Answer Stats

NationalityWinsYears ActiveAnswer% Correct
Italy2391950-presentFerrari
99%
Germany1881954-55, 1994-presentMercedes
99%
Japan751964-68, 1983-92, 2000-08, 2015-presentHonda
98%
France1681977-86,1989-97, 2001-presentRenault
97%
USA1761967-2004Ford
83%
Germany201952-54, 1967-68, 1982-87, 2000-09BMW
75%
Italy121950-51, 1961-63, 1965, 1968, 1970-71, 1976-87Alfa Romeo
70%
Germany11958-64, 1991Porsche
69%
Italy111950-63, 1965-69Maserati
50%
UK181951, 1956-60, 1962-77BRM
38%
France31968, 1970-72, 1975-78, 1981-82Matra
35%
Switzerland92016-18TAG Heuer
32%
UK91954-60Vanwall
31%
UK401657-69Climax
28%
Japan41992-00Mugen
25%
Australia81966-69Repco
22%
Germany251983-87TAG Porsche
13%
UK11966-68Weslake
7%

Score Distribution

Percentile by Number Answered

Percent of People with Each Score

Your Score History

You have not taken this quiz since the last reset